000 00980cam a22002775a 4500
008 090413t wba frb 001 0 eng d
010 _a 2006925479
020 _a9783540705338 (softcover : alk. paper)
020 _a9783540705338 :
040 _aEG-ScBUE
_beng
_cEG-ScBUE
082 0 4 _a629.892
_bBRA
_222
100 1 _aBraunl, Thomas.
_93624
245 1 0 _aEmbedded Robotics :
_bMobile robot design and applications with embedded systems /
_cThomas Braunl.
250 _a3rd ed.
260 _aBerlin :
_bSpringer,
_cc.2008.
300 _axiv, 541 p.
_bill.;
_c24 cm.
500 _aIndex: p. 533-541.
504 _aIncludes bibliographical references.
590 _aMohamed Hussein
650 _aMobile robots.
_93625
_2BUEsh
650 _aRobots -- Control systems.
_93626
_2BUEsh
651 _2BUEsh
653 _bENGELC
_bCOMSCI
_cAugust2015
650 _93627
_aEmbedded computer systems
_xDesign and construction
_2BUEsh
942 _cBB
_k629.892 BRA
_2ddc
999 _c11291
_d11291